000 00663nam a2200217 a 4500
999 _c8541
_d8541
001 8541
003 BD-JhCC
005 20180227091841.0
008 180227b2012 bg a|||| ||a| 000 0 ben d
035 _a(BD-JhCC)8541
040 _aBD-JhCC
_dBD-JhCC
041 _aben
082 _bTAR 2012
245 _aতারেক মাসুদ জীবন ‍ও স্বপ্ন /
_cক্যাথরিন মাসুদ
260 _aঢাকা :
_bব্রিটিশ কাউন্সিল,
_c2012
300 _a123 p. :
_c29 cm.
650 _aBiography
700 _aমাসুদ, ক্যাথরিন
942 _2ddc
_cBK